[Event "AUTO-OPEN-3169"]
[Site "http://www.queenalice.com/game.php?id=1249491"]
[Date "2014.1.19"]
[Round "1"]
[White "Warrior"]
[Black "Libra"]
[Result "0-1"]
[WhiteElo "2079"]
[BlackElo "2091"]

1. e4 c5 2. Nf3 e6 3. d4 cxd4 4. Nxd4 Nf6 5. Nc3 d6 6. Bg5 a6 7. Bc4 Be7 8. O-O
O-O 9. Kh1 b5 10. Bd3 Bb7 11. Qe2 Nbd7 12. f4 Nc5 13. a3 h6 14. Bxf6 Bxf6 15.
Nf3 Bxc3 16. bxc3 Rc8 17. Rac1 Qa5 18. Qe1 Qxa3 19. f5 exf5 20. exf5 Rfe8 21.
Qg3 Qxc3 22. f6 Qxf6 23. Nh4 Qg5 24. Qxg5 hxg5 25. Nf5 Nxd3 26. cxd3 Rxc1 27.
Rxc1 Re2 28. Rg1 b4 29. Nxd6 Bd5 30. Nc4 Bxc4 31. dxc4 b3 32. Rb1 b2 33. h3 a5
34. Kh2 a4 35. Kg3 a3 36. Kf3 a2 37. Kxe2 axb1=Q 38. Kd2 Qe4 39. c5 b1=Q 40. c6
Qbe1# 0-1

[Event "Let's Play Chess!"]
[Site "http://www.queenalice.com/game.php?id=1249554"]
[Date "2014.1.19"]
[Round "-"]
[White "igorjava"]
[Black "Libra"]
[Result "0-1"]
[WhiteElo "1804"]
[BlackElo "2069"]

1. e4 c5 2. Nf3 e6 3. d4 cxd4 4. Nxd4 Nf6 5. Nc3 d6 6. Bg5 a6 7. a3 Be7 8. Bc4
O-O 9. O-O Qc7 10. Bb3 h6 11. Bh4 Nxe4 12. Bxe7 Nxc3 13. Bxd6 Qxd6 14. bxc3 Qc5
15. Qf3 Nd7 16. a4 Nf6 17. Ne2 Rb8 18. Rad1 b6 19. Ng3 Bb7 20. Qe3 Qxe3 21. fxe3
Rfc8 22. c4 Rc5 23. Rd2 Bc6 24. Rd6 Rc8 25. Rfd1 Kf8 26. h3 Ke7 27. Kf2 h5 28.
R6d4 Rh8 29. Kg1 Rg5 30. Nh1 Bxg2 31. Kh2 e5 32. R4d2 Bf3 33. Rg1 Ng4+ 34. Kg3
Nxe3+ 35. Kxf3 Rxg1 36. Nf2 Nf5 37. c5 Nd4+ 38. Ke4 Rd8 39. cxb6 Re1+ 40. Kd3
Nxb3+ 0-1

[Event "Let's Play Chess!"]
[Site "http://www.queenalice.com/game.php?id=1254510"]
[Date "2014.2.8"]
[Round "-"]
[White "Eggchaser"]
[Black "Libra"]
[Result "0-1"]
[WhiteElo "1947"]
[BlackElo "1999"]

1. Nf3 Nf6 2. c4 e6 3. g3 Be7 4. Nc3 O-O 5. Bg2 d5 6. d4 dxc4 7. Ne5 Nc6 8. Nxc6
bxc6 9. Bxc6 Rb8 10. e3 Nd5 11. O-O Qd6 0-1

[Event "Let's Play Chess!"]
[Site "http://www.queenalice.com/game.php?id=1254523"]
[Date "2014.2.8"]
[Round "-"]
[White "BartolomeuDias"]
[Black "Libra"]
[Result "1-0"]
[WhiteElo "2586"]
[BlackElo "2091"]

1. e4 e5 2. Nf3 Nc6 3. Bc4 Bc5 4. c3 Nf6 5. d4 exd4 6. e5 d5 7. Bb5 Ne4 8. cxd4
Bb6 9. O-O O-O 10. Be3 f6 11. Bxc6 bxc6 12. Qc2 Qe8 13. Nc3 Nxc3 14. Qxc3 Bg4
15. Nd2 fxe5 16. dxe5 Qg6 17. f3 Bh3 18. Rf2 Rf4 19. Bc5 Re8 20. Re1 1-0

[Event "Let's Play Chess!"]
[Site "http://www.queenalice.com/game.php?id=1254524"]
[Date "2014.2.8"]
[Round "-"]
[White "BartolomeuDias"]
[Black "Libra"]
[Result "1-0"]
[WhiteElo "2587"]
[BlackElo "2091"]

1. d4 Nf6 2. Nf3 e6 3. c4 b6 4. a3 Bb7 5. Nc3 d5 6. Bf4 Bd6 7. Bg3 O-O 8. e3 c5
9. dxc5 bxc5 10. cxd5 exd5 11. Be2 Bxg3 12. hxg3 Qe7 13. O-O Rc8 14. Qa4 Nc6 15.
Rfe1 a5 16. Qf4 Nd8 17. Nh4 g6 18. Nf3 Ne6 19. Qh4 1-0

[Event "Let's Play Chess!"]
[Site "http://www.queenalice.com/game.php?id=1254588"]
[Date "2014.2.8"]
[Round "-"]
[White "Libra"]
[Black "Aspayne"]
[Result "1-0"]
[WhiteElo "2134"]
[BlackElo "2043"]

1. d4 Nf6 2. c4 e5 3. dxe5 Ng4 4. Nf3 Nc6 5. Qd5 Bb4+ 6. Nc3 Bxc3+ 7. bxc3 Qe7
8. Bg5 f6 9. exf6 Nxf6 10. Bxf6 Qxf6 11. Qe4+ Ne7 12. Qd4 O-O 13. e4 d6 14. Qxf6
Rxf6 15. Nd4 a6 16. h4 Bd7 17. Rb1 b6 18. f3 Ng6 19. h5 Ne5 20. Kf2 Raf8 21. Be2
Be8 22. Nf5 Bf7 23. Ne7+ Kh8 24. Nd5 Bxd5 25. cxd5 a5 26. Ke3 Kg8 27. Rbf1 Kf7
28. f4 Nd7 29. Bg4 Ke7 30. Bf5 g6 31. Bxd7 Kxd7 32. hxg6 hxg6 33. Rf3 R8f7 34.
e5 dxe5 35. fxe5 Rxf3+ 36. gxf3 1-0

[Event "Let's Play Chess!"]
[Site "http://www.queenalice.com/game.php?id=1254643"]
[Date "2014.2.9"]
[Round "-"]
[White "Libra"]
[Black "novoselic"]
[Result "1-0"]
[WhiteElo "2244"]
[BlackElo "1862"]

1. d4 Nf6 2. Nf3 e6 3. c4 d5 4. Nc3 Be7 5. Bg5 O-O 6. e3 c6 7. Bd3 h6 8. Bf4
dxc4 9. Bxc4 Nd5 10. Bg3 Bd6 11. Qb3 Bxg3 12. hxg3 Nd7 13. Qc2 N7f6 14. e4 Nxc3
15. bxc3 b6 16. e5 Nd5 17. g4 b5 18. Bxd5 exd5 19. g5 Bg4 20. gxh6 g6 21. Nh2
Bf5 22. Qd2 Kh7 23. Nf3 Rh8 24. Ng5+ Kg8 25. Qf4 Qa5 26. Rc1 Qxa2 27. g4 1-0

[Event "TEN DAYS"]
[Site "http://www.queenalice.com/game.php?id=1259029"]
[Date "2014.2.28"]
[Round "-"]
[White "Libra"]
[Black "phystutordotcom"]
[Result "1-0"]
[WhiteElo "2267"]
[BlackElo "2337"]

1. d4 d6 2. e4 Nf6 3. Nc3 e5 4. Nf3 Nbd7 5. Bc4 Be7 6. O-O O-O 7. Re1 exd4 8.
Qxd4 Ng4 9. Nd5 Nde5 10. Nxe5 Nxe5 11. Be2 Bh4 12. Rd1 Bd7 13. Qc3 c6 14. Ne3
Be7 15. f4 Ng6 16. g3 Qb6 17. a4 Rfc8 18. a5 Qc7 19. Bf3 1-0

[Event "TEN DAYS"]
[Site "http://www.queenalice.com/game.php?id=1259902"]
[Date "2014.2.26"]
[Round "-"]
[White "Libra"]
[Black "phystutordotcom"]
[Result "1-0"]
[WhiteElo "2244"]
[BlackElo "2337"]

1. d4 d6 2. Nf3 Nf6 3. Nc3 Nbd7 4. e4 e5 5. Bc4 Be7 6. O-O O-O 7. Re1 exd4 8.
Qxd4 Ng4 9. Nd5 Nde5 10. Nxe5 Nxe5 11. Be2 Bh4 12. Rd1 Re8 13. Be3 Ng4 14. Bxg4
Bxg4 15. f3 Be6 16. g3 c6 17. Nf4 Bf6 18. Qb4 Qc7 19. c4 c5 20. Qb3 a6 21. Nd5
1-0

[Event "TEN DAYS"]
[Site "http://www.queenalice.com/game.php?id=1259904"]
[Date "2014.3.5"]
[Round "-"]
[White "Libra"]
[Black "phystutordotcom"]
[Result "1-0"]
[WhiteElo "2287"]
[BlackElo "2352"]

1. e4 d6 2. d4 Nf6 3. Nc3 e5 4. Nf3 Nbd7 5. Bc4 Be7 6. O-O O-O 7. Re1 c6 8. a4
exd4 9. Nxd4 Ne5 10. Bb3 c5 11. Nf5 Bxf5 12. exf5 Rc8 13. f4 1-0

[Event "Let's Play Chess!"]
[Site "http://www.queenalice.com/game.php?id=1259906"]
[Date "2014.2.28"]
[Round "-"]
[White "Libra"]
[Black "dnptrs"]
[Result "1-0"]
[WhiteElo "2158"]
[BlackElo "2135"]

1. d4 Nf6 2. Nf3 e6 3. Bf4 Nd5 4. Bg3 c5 5. e4 Nf6 6. Nc3 cxd4 7. Nxd4 d6 8. Qd2
e5 9. Bb5+ Bd7 10. Bxd7+ Nbxd7 11. Nf5 Nc5 12. f3 Qd7 13. Bh4 O-O-O 14. Nd5 Qe6
15. Qa5 1-0

[Event "Let's Play Chess!"]
[Site "http://www.queenalice.com/game.php?id=1260906"]
[Date "2014.3.3"]
[Round "-"]
[White "Libra"]
[Black "tucot"]
[Result "0-1"]
[WhiteElo "2211"]
[BlackElo "2334"]

1. d4 Nf6 2. Nf3 g6 3. Bf4 Bg7 4. e3 d6 5. Nc3 O-O 6. h3 a6 7. a4 b6 8. Bc4 Bb7
9. O-O c5 10. d5 Nbd7 11. Re1 b5 12. axb5 Nb6 13. bxa6 Nxc4 14. axb7 Rb8 15. Ra2
Rxb7 0-1

[Event "Let's Play Chess!"]
[Site "http://www.queenalice.com/game.php?id=1260907"]
[Date "2014.3.1"]
[Round "-"]
[White "greggy"]
[Black "Libra"]
[Result "1-0"]
[WhiteElo "2077"]
[BlackElo "2307"]

1. e4 e5 2. Nf3 Nc6 3. Bb5 a6 4. Ba4 Nf6 5. O-O Be7 6. Nc3 b5 7. Bb3 d6 8. Nd5
Na5 9. Nxe7 Qxe7 10. d3 O-O 11. Bd2 Nxb3 12. axb3 Nd7 13. Be3 c5 14. Qd2 Bb7 15.
Ng5 h6 16. Nh3 d5 17. exd5 Bxd5 18. f3 Bb7 19. Rfe1 Qd6 20. Nf2 f5 21. Qe2 Nf6
22. Nd1 Nd5 23. Nc3 Nxe3 24. Qxe3 1-0

[Event "Let's Play Chess!"]
[Site "http://www.queenalice.com/game.php?id=1260909"]
[Date "2014.3.5"]
[Round "-"]
[White "Libra"]
[Black "Eggchaser"]
[Result "1-0"]
[WhiteElo "2182"]
[BlackElo "1937"]

1. e4 c5 2. d4 cxd4 3. Nf3 d6 4. Nxd4 Nf6 5. Nc3 a6 6. h3 g6 7. g4 Bg7 8. Bg2
O-O 9. Be3 Bd7 10. Qd2 Nc6 11. O-O-O Rc8 12. f4 b5 13. e5 dxe5 14. Nxc6 Bxc6 15.
Qxd8 1-0

[Event "Let's Play Chess!"]
[Site "http://www.queenalice.com/game.php?id=1261002"]
[Date "2014.3.5"]
[Round "-"]
[White "dnptrs"]
[Black "Libra"]
[Result "0-1"]
[WhiteElo "2166"]
[BlackElo "2191"]

1. d4 d5 2. Nf3 Nc6 3. c3 Bg4 4. h3 Bf5 5. e3 e6 6. Bb5 Bd6 7. O-O Nf6 8. b3 O-O
9. Bxc6 bxc6 10. b4 a5 11. Bd2 Bd3 12. Re1 Ne4 13. bxa5 Qf6 14. Bc1 Bxb1 15.
Rxb1 Nxc3 0-1

[Event "Let's Play Chess!"]
[Site "http://www.queenalice.com/game.php?id=1261003"]
[Date "2014.3.5"]
[Round "-"]
[White "Libra"]
[Black "dnptrs"]
[Result "1-0"]
[WhiteElo "2212"]
[BlackElo "2166"]

1. e4 c5 2. d4 cxd4 3. c3 dxc3 4. Nxc3 e6 5. Nf3 a6 6. Bf4 Qf6 7. g3 Bb4 8. Rc1
Nc6 9. a3 Ba5 10. b4 Bb6 11. b5 axb5 12. Nxb5 e5 13. Bg5 Qg6 14. Bc4 Nf6 15.
Nd6+ Kf8 16. Bxf7 1-0

[Event "AUTO-MASTER-2049"]
[Site "http://www.queenalice.com/game.php?id=1263618"]
[Date "2014.3.9"]
[Round "1"]
[White "VladimirSpirin"]
[Black "Libra"]
[Result "1-0"]
[WhiteElo "2128"]
[BlackElo "2281"]

1. b3 d5 2. Bb2 Nf6 3. g3 Bf5 4. d3 e6 5. Bg2 Bb4+ 6. Nd2 O-O 7. a3 Be7 8. e3
Nbd7 9. h3 h6 10. Ne2 c6 11. g4 Bg6 12. Ng3 Bd6 13. Ne2 a5 14. Nf3 Qc7 15. Qd2
1-0

[Event "AUTO-MASTER-2049"]
[Site "http://www.queenalice.com/game.php?id=1263619"]
[Date "2014.3.9"]
[Round "1"]
[White "Libra"]
[Black "VladimirSpirin"]
[Result "0-1"]
[WhiteElo "2264"]
[BlackElo "2145"]

1. e4 b6 2. d4 Bb7 3. Bd3 g6 4. Nf3 Bg7 5. O-O e6 6. c4 d6 7. Nc3 a6 8. Bg5 Ne7
9. h3 h6 10. Be3 Nd7 11. Bc2 g5 12. Ne2 Ng6 13. Ng3 e5 14. Nf5 Bf8 15. b4 Qf6
0-1

[Event "AUTO-MASTER-2049"]
[Site "http://www.queenalice.com/game.php?id=1263632"]
[Date "2014.3.9"]
[Round "1"]
[White "vult0"]
[Black "Libra"]
[Result "1-0"]
[WhiteElo "2274"]
[BlackElo "2221"]

1. d4 d5 2. Nf3 Nc6 3. c4 e6 4. e3 Nf6 5. Nc3 h6 6. Bd3 Bd6 7. cxd5 exd5 8. O-O
O-O 9. a3 Be6 10. Re1 Qc8 11. Nb5 Be7 12. b3 1-0

[Event "AUTO-MASTER-2049"]
[Site "http://www.queenalice.com/game.php?id=1263633"]
[Date "2014.3.9"]
[Round "1"]
[White "Libra"]
[Black "vult0"]
[Result "0-1"]
[WhiteElo "2232"]
[BlackElo "2263"]

1. e4 e5 2. d4 exd4 3. c3 dxc3 4. Nxc3 Nc6 5. Bc4 Bb4 6. Nf3 Nf6 7. e5 Ne4 8.
Qd5 Bxc3+ 9. bxc3 O-O 10. Qxe4 d6 11. Ng5 g6 0-1

[Event "AUTO-MASTER-2049"]
[Site "http://www.queenalice.com/game.php?id=1263640"]
[Date "2014.3.9"]
[Round "1"]
[White "Joseilton"]
[Black "Libra"]
[Result "1-0"]
[WhiteElo "2099"]
[BlackElo "2248"]

1. e4 e5 2. Nf3 Nc6 3. Bb5 a6 4. Ba4 Nf6 5. d4 exd4 6. O-O Be7 7. Re1 b5 8. Bb3
d6 9. Nxd4 Nxd4 10. Qxd4 c5 11. Qc3 c4 12. Bxc4 bxc4 13. Qxc4 d5 14. exd5 Qxd5
15. Qxd5 Nxd5 16. Bg5 f6 17. Bh4 Bf5 18. c3 Rd8 19. Nd2 Nxc3 20. Nc4 Bd3 21. Ne5
1-0

[Event "AUTO-MASTER-2049"]
[Site "http://www.queenalice.com/game.php?id=1263641"]
[Date "2014.3.9"]
[Round "1"]
[White "Libra"]
[Black "Joseilton"]
[Result "1-0"]
[WhiteElo "2230"]
[BlackElo "2098"]

1. e4 c5 2. d4 cxd4 3. c3 dxc3 4. Nxc3 Nc6 5. Nf3 d6 6. Bc4 a6 7. O-O Nf6 8. Qe2
Bg4 9. Rd1 Ne5 10. Nxe5 Bxe2 11. Bxf7# 1-0